1319 1345 1068 1930 1522 1545 1998 1262 1213 1883 1553 1037 1390 1359 1448 1324 1201 1950 1037 1641 1705 1004 1105 1504 1767 1669 1799 1386 1457 1310 1217 1673 1303 1688 1501 1901 1514 1909 1171 1939 1799 1258 1315 1787 1389 1677 1731 1023 1972 1376 1039 1678 1181 1173 1999 1291 1721 1395 1193 1808 1278 1188 1834 1044 1924 1278 1697 1518 1543 1231 1804 1338 1071 1560 1916 1849 1852 1203 1249 1492 1668 1137 1726 1242 1346 1810 1996 1674 1882 1333 1601 1991 1218 1138 1442 1642 1400 1474 1434 BCNSPRNW ULIB Ver.6.0+V

เปลี่ยนเป็นภาษาไทย

Change to English
 แสดงรายละเอียดบรรณานุกรม
  กลับหน้าหลัก

Brief Record : Get Marc (ISO 2709) : E-mail record : QR code < ปิดหน้าต่าง
LEADER : 00000nam 2200000uu 4500
001    13399127378
003     ULIB
008    200513s2562||||th 000 0 tha d
020 ^- ^a9786162715464
060 ^- ^aW84.61^bป625
245 00 ^aปัญหาเวชปฏิบัติปฐมภูมิยุคใหม่และการดู=Emerging primary care trends and implications for practice /บรรณาธิการ นฤชา โกมลสุรเดช ... [และคนอื่นๆ].
250 ^- ^aพิมพ์ครั้งที่ 1.
260 ^- ^aสงขลา :ภาควิชาเวชศาสตร์ครอบครัวและเวชศาสตร์ป้องกัน คณะแพทยศาสตร์ มหาวิทยาลัยสงขลานครินทร์,^c2562
300 ^- ^a216 หน้า :^bภาพประกอบ.
650 ^4 ^aสาธารณสุขมูลฐาน^xการใช้ยา.
700 0^ aนฤชา โกมลสุรเดช.
700 0^ aกัมพล เอี่ยมพนากิจ.
700 0^ aจารุรินทร์ ปิตานุพงศ์.
700 0^ aธรรมสินธิ์ อิงวิยะ.
700 0^ aธารีรัตน์ อนันต์ชัยทรัพย์.
700 0^ aพลเทพ วิจิตรคุณากร.
700 0^ aศุภกร ศรีแผ้ว.
700 0^ aศศิวรา บุญรัศมี.
700 0^ aสุภร บุษปวนิช.
710 2^ aมหาวิทยาลัยสงขลานครินทร์^bภาควิชาเวชศาสตร์ครอบครัวและเวชศาสตร์ป้องกัน.
945    ^p380^l0^i28241
999    ^aกัณชพร จุลอักษร
รายการนี้ยังไม่มีแท็ก
คุณยังไม่ได้ล็อกอิน คุณสามารถมีกิจกรรมร่วมกับเว็บไซต์ได้ แต่ต้องล็อกอินก่อน ::
  ล็อกอิน

รายการสื่อสารสนเทศ

ลำดับที่ ประเภท เลขเรียก/บาร์โค้ด สถานที่ สถานะ
1. หนังสือสำรอง
หนังสือสำรอง
W84.61 ป625 ฉ.1 
  Barcode: 28241
ห้องสมุดวิทยาเขตนครสวรรค์
►หนังสือทั่วไป:l:General Books
บนชั้น

รายการใกล้เคียง
    ชื่อเรื่อง [ปัญหาเวชปฏิบัติปฐมภูมิยุคใหม่และการดู=Emerging primary care trends and implications for practice /บรรณาธิการ นฤชา โกมลสุรเดช ... [และคนอื่นๆ].]

BibComment


ยังไม่เคยถูกคอมเมนท์

คอมเมนท์ทรัพยากรรายการนี้
  คอมเมนท์: ปัญหาเวชปฏิบัติป..


 Copyright 2026. Bcnsprnw @Library